[Event "AMPD"]
[Site "Chorzow"]
[Date "2022.04.03"]
[Round "9.11"]
[White "Adamczewski, Jedrzej"]
[Black "Sawicki, Pawel Andrzej"]
[Result "1-0"]
[BlackElo "1620"]
[WhiteElo "1974"]
[LiveChessVersion "1.4.8"]

1. e4 {[%clk 0:15:08]} c6 {[%clk 0:15:09]} 2. Nc3 {[%clk 0:15:11]} d5
{[%clk 0:15:13]} 3. Nf3 {[%clk 0:15:14]} Bg4 {[%clk 0:15:16]} 4. h3
{[%clk 0:15:18]} Bxf3 {[%clk 0:15:19]} 5. Qxf3 {[%clk 0:15:21]} e6
{[%clk 0:15:10]} 6. d3 {[%clk 0:15:23]} Bc5 {[%clk 0:14:15]} 7. Qg3
{[%clk 0:14:20]} Bd4 {[%clk 0:13:11]} 8. Ne2 {[%clk 0:13:47]} Qf6
{[%clk 0:11:28]} 9. Nxd4 {[%clk 0:12:23]} Qxd4 {[%clk 0:11:31]} 10. c3
{[%clk 0:11:43]} Qf6 {[%clk 0:11:28]} 11. Bf4 {[%clk 0:11:22]} Nd7
{[%clk 0:11:13]} 12. Be2 {[%clk 0:11:05]} Ne7 {[%clk 0:10:32]} 13. O-O
{[%clk 0:10:57]} Ng6 {[%clk 0:09:25]} 14. Bd6 {[%clk 0:10:33]} e5
{[%clk 0:08:37]} 15. Ba3 {[%clk 0:10:28]} Nf4 {[%clk 0:07:28]} 16. Bg4
{[%clk 0:09:42]} h5 {[%clk 0:05:56]} 17. Bxd7+ {[%clk 0:07:19]} Kxd7
{[%clk 0:05:59]} 18. Qe3 {[%clk 0:07:05]} Qg5 {[%clk 0:04:53]} 19. Qf3
{[%clk 0:06:00]} Rae8 {[%clk 0:04:01]} 20. exd5 {[%clk 0:04:42]} cxd5
{[%clk 0:03:26]} 21. Kh2 {[%clk 0:04:17]} h4 {[%clk 0:03:25]} 22. Rad1
{[%clk 0:02:53]} Re6 {[%clk 0:02:38]} 23. b3 {[%clk 0:02:26]} Ra6
{[%clk 0:01:05]} 24. Bc1 {[%clk 0:02:04]} Rxa2 {[%clk 0:01:08]} 25. c4
{[%clk 0:02:00]} Rh6 {[%clk 0:00:22]} 26. d4 {[%clk 0:01:38]} Rg6
{[%clk 0:00:17]} 27. Rg1 {[%clk 0:01:20]} Ne2 {[%clk 0:00:16]} 28. Bxg5
{[%clk 0:01:20]} Nxg1 {[%clk 0:00:18]} 29. Qxf7+ {[%clk 0:01:17]} 1-0

[Event "AMPD"]
[Site "Chorzow"]
[Date "2022.04.03"]
[Round "9.12"]
[White "Kucharska, Honorata"]
[Black "Karykowska, Anna"]
[Result "1-0"]
[BlackElo "1812"]
[WhiteElo "2013"]
[LiveChessVersion "1.4.8"]

1. d4 {[%clk 0:15:08]} Nf6 {[%clk 0:15:09]} 2. Nf3 {[%clk 0:15:10]} e6
{[%clk 0:15:05]} 3. g3 {[%clk 0:15:13]} d6 {[%clk 0:14:31]} 4. Bg2
{[%clk 0:15:16]} Be7 {[%clk 0:14:32]} 5. O-O {[%clk 0:15:18]} O-O
{[%clk 0:14:35]} 6. c4 {[%clk 0:14:54]} Nbd7 {[%clk 0:14:36]} 7. Qc2
{[%clk 0:14:55]} e5 {[%clk 0:14:12]} 8. e4 {[%clk 0:14:54]} a5 {[%clk 0:13:03]}
9. Nc3 {[%clk 0:14:49]} exd4 {[%clk 0:09:57]} 10. Nxd4 {[%clk 0:14:52]} Ne5
{[%clk 0:09:50]} 11. Nd5 {[%clk 0:14:25]} c6 {[%clk 0:09:19]} 12. Ne3
{[%clk 0:14:08]} Nfg4 {[%clk 0:07:44]} 13. Nxg4 {[%clk 0:13:46]} Nxg4
{[%clk 0:07:14]} 14. h3 {[%clk 0:13:46]} Ne5 {[%clk 0:06:53]} 15. f4
{[%clk 0:13:23]} Ng6 {[%clk 0:06:43]} 16. Be3 {[%clk 0:13:25]} Bf6
{[%clk 0:06:29]} 17. Rad1 {[%clk 0:13:17]} Re8 {[%clk 0:05:45]} 18. Bf2
{[%clk 0:13:10]} Qc7 {[%clk 0:05:40]} 19. Rfe1 {[%clk 0:12:56]} Nf8
{[%clk 0:05:26]} 20. a4 {[%clk 0:12:20]} Ne6 {[%clk 0:04:53]} 21. Nxe6
{[%clk 0:12:13]} Bxe6 {[%clk 0:04:51]} 22. c5 {[%clk 0:12:10]} dxc5
{[%clk 0:04:20]} 23. Bxc5 {[%clk 0:11:40]} Rad8 {[%clk 0:04:23]} 24. Qf2
{[%clk 0:11:35]} Qc8 {[%clk 0:03:34]} 25. e5 {[%clk 0:10:46]} Be7
{[%clk 0:03:35]} 26. Bxe7 {[%clk 0:10:42]} Rxe7 {[%clk 0:03:32]} 27. f5
{[%clk 0:08:36]} Rxd1 {[%clk 0:02:36]} 28. Rxd1 {[%clk 0:08:40]} Bb3
{[%clk 0:02:18]} 29. Rd3 {[%clk 0:07:47]} Bc4 {[%clk 0:01:27]} 30. Rc3
{[%clk 0:07:40]} Ba6 {[%clk 0:01:17]} 31. Qc5 {[%clk 0:06:55]} Re8
{[%clk 0:00:58]} 32. f6 {[%clk 0:05:16]} Qf5 {[%clk 0:00:45]} 33. Re3
{[%clk 0:04:19]} h6 {[%clk 0:00:06]} 34. fxg7 {[%clk 0:04:15]} Kxg7
{[%clk 0:00:06]} 35. Qd4 {[%clk 0:04:10]} Kg8 {[%clk 0:00:08]} 36. Re4
{[%clk 0:03:53]} h5 {[%clk 0:00:07]} 37. g4 {[%clk 0:03:37]} Qe6 38. gxh5 1-0

[Event "AMPD"]
[Site "Chorzow"]
[Date "2022.04.03"]
[Round "9.13"]
[White "Walter, Szymon"]
[Black "Karpus, Michal"]
[Result "1/2-1/2"]
[BlackElo "2238"]
[WhiteElo "2171"]
[LiveChessVersion "1.4.8"]

1. e4 {[%clk 0:15:07]} e5 {[%clk 0:15:09]} 2. Nf3 {[%clk 0:15:04]} Nc6
{[%clk 0:15:10]} 3. Bb5 {[%clk 0:15:01]} a6 {[%clk 0:15:13]} 4. Ba4
{[%clk 0:15:03]} Nf6 {[%clk 0:15:16]} 5. O-O {[%clk 0:14:54]} Be7
{[%clk 0:15:17]} 6. Re1 {[%clk 0:14:47]} b5 {[%clk 0:15:14]} 7. Bb3
{[%clk 0:14:49]} d6 {[%clk 0:15:17]} 8. c3 {[%clk 0:14:38]} O-O {[%clk 0:15:16]}
9. d4 {[%clk 0:14:39]} Bg4 {[%clk 0:14:31]} 10. Be3 {[%clk 0:14:22]} exd4
{[%clk 0:12:58]} 11. cxd4 {[%clk 0:14:22]} Na5 {[%clk 0:13:02]} 12. Bc2
{[%clk 0:14:21]} Nc4 {[%clk 0:13:04]} 13. Bc1 {[%clk 0:14:23]} c5
{[%clk 0:13:03]} 14. b3 {[%clk 0:14:20]} Nb6 {[%clk 0:13:03]} 15. Nbd2
{[%clk 0:14:02]} Rc8 {[%clk 0:12:45]} 16. h3 {[%clk 0:12:50]} Bh5
{[%clk 0:12:44]} 17. d5 {[%clk 0:12:45]} Nfd7 {[%clk 0:12:32]} 18. g4
{[%clk 0:10:13]} Bg6 {[%clk 0:12:35]} 19. Nf1 {[%clk 0:10:14]} Bf6
{[%clk 0:11:57]} 20. Rb1 {[%clk 0:10:16]} Bc3 {[%clk 0:11:30]} 21. Re2
{[%clk 0:10:10]} b4 {[%clk 0:10:46]} 22. Ng3 {[%clk 0:09:53]} Re8
{[%clk 0:10:05]} 23. Kg2 {[%clk 0:09:47]} a5 {[%clk 0:09:15]} 24. h4
{[%clk 0:08:40]} f6 {[%clk 0:08:25]} 25. h5 {[%clk 0:08:12]} Bf7 {[%clk 0:08:29]}
26. Nf5 {[%clk 0:07:52]} Ne5 {[%clk 0:08:18]} 27. Nh2 {[%clk 0:07:50]} Qc7
{[%clk 0:07:42]} 28. f4 {[%clk 0:07:24]} Ned7 {[%clk 0:07:45]} 29. Nf3
{[%clk 0:06:32]} a4 {[%clk 0:06:38]} 30. Be3 {[%clk 0:03:26]} axb3
{[%clk 0:06:08]} 31. axb3 {[%clk 0:03:29]} Ra8 {[%clk 0:06:08]} 32. Bf2
{[%clk 0:02:58]} Ra2 {[%clk 0:05:39]} 33. h6 {[%clk 0:01:29]} g6 {[%clk 0:05:37]}
34. Ng7 {[%clk 0:01:32]} Re7 {[%clk 0:05:15]} 35. f5 {[%clk 0:01:26]} Ne5
{[%clk 0:04:43]} 36. Nxe5 {[%clk 0:01:24]} Bxe5 {[%clk 0:04:01]} 37. Ne6
{[%clk 0:00:58]} Qa7 {[%clk 0:03:55]} 38. Bd3 {[%clk 0:00:59]} Be8
{[%clk 0:03:24]} 39. Bg3 {[%clk 0:00:41]} Bxg3 {[%clk 0:02:08]} 40. Kxg3
{[%clk 0:00:44]} g5 {[%clk 0:01:02]} 41. Qc1 {[%clk 0:00:33]} Rxe2
{[%clk 0:00:54]} 42. Bxe2 {[%clk 0:00:37]} Qa2 {[%clk 0:00:40]} 43. Rb2
{[%clk 0:00:36]} Qa3 {[%clk 0:00:44]} 44. Nxg5 {[%clk 0:00:17]} fxg5
{[%clk 0:00:42]} 45. Qxg5+ {[%clk 0:00:21]} Kf8 {[%clk 0:00:46]} 46. Qf6+
{[%clk 0:00:18]} Rf7 {[%clk 0:00:40]} 47. Qxd6+ {[%clk 0:00:14]} Kg8
{[%clk 0:00:43]} 48. Qe5 {[%clk 0:00:14]} Bd7 {[%clk 0:00:12]} 49. g5
{[%clk 0:00:16]} Qa1 {[%clk 0:00:11]} 50. Kg2 {[%clk 0:00:09]} Qc1
{[%clk 0:00:14]} 51. g6 {[%clk 0:00:07]} Qg5+ {[%clk 0:00:17]} 52. Kf1
{[%clk 0:00:10]} hxg6 {[%clk 0:00:20]} 53. Bf3 {[%clk 0:00:10]} Qc1+
{[%clk 0:00:23]} 54. Kg2 {[%clk 0:00:13]} Qg5+ {[%clk 0:00:26]} 55. Kf1
{[%clk 0:00:17]} Qxh6 {[%clk 0:00:24]} 56. Rh2 {[%clk 0:00:16]} Qc1+
{[%clk 0:00:18]} 57. Kg2 {[%clk 0:00:20]} Qd2+ {[%clk 0:00:19]} 58. Kf1
{[%clk 0:00:13]} Qc1+ {[%clk 0:00:18]} 59. Kg2 {[%clk 0:00:13]} Qd2+
{[%clk 0:00:19]} 60. Kg3 {[%clk 0:00:08]} Qg5+ {[%clk 0:00:11]} 61. Kf2
{[%clk 0:00:11]} Qd2+ {[%clk 0:00:15]} 62. Kg3 {[%clk 0:00:09]} Qg5+
{[%clk 0:00:17]} 1/2-1/2

[Event "AMPD"]
[Site "Chorzow"]
[Date "2022.04.03"]
[Round "9.14"]
[White "Szustakowski, Antoni"]
[Black "Tomaszewski, Kacper"]
[Result "0-1"]
[BlackElo "2112"]
[WhiteElo "2169"]
[LiveChessVersion "1.4.8"]

1. d4 {[%clk 0:15:08]} Nf6 {[%clk 0:15:08]} 2. c4 {[%clk 0:15:11]} e6
{[%clk 0:15:11]} 3. Nf3 {[%clk 0:15:04]} d5 {[%clk 0:15:14]} 4. g3
{[%clk 0:14:51]} c5 {[%clk 0:15:18]} 5. cxd5 {[%clk 0:14:43]} cxd4
{[%clk 0:15:21]} 6. Qxd4 {[%clk 0:13:45]} Nxd5 {[%clk 0:14:35]} 7. Bg2
{[%clk 0:13:13]} Nc6 {[%clk 0:14:36]} 8. Qd1 {[%clk 0:12:51]} Bb4+
{[%clk 0:14:17]} 9. Bd2 {[%clk 0:12:42]} O-O {[%clk 0:13:58]} 10. O-O
{[%clk 0:12:44]} Qf6 {[%clk 0:13:04]} 11. Qb3 {[%clk 0:11:16]} Na5
{[%clk 0:11:28]} 12. Qc2 {[%clk 0:11:20]} Bxd2 {[%clk 0:11:17]} 13. Nbxd2
{[%clk 0:11:04]} Bd7 {[%clk 0:10:40]} 14. e4 {[%clk 0:10:42]} Nb6
{[%clk 0:10:14]} 15. e5 {[%clk 0:09:02]} Qe7 {[%clk 0:10:11]} 16. Ne4
{[%clk 0:09:00]} h6 {[%clk 0:07:28]} 17. Nd6 {[%clk 0:08:27]} Nd5
{[%clk 0:05:36]} 18. Nd4 {[%clk 0:06:40]} Nc6 {[%clk 0:05:34]} 19. Nxc6
{[%clk 0:06:12]} Bxc6 {[%clk 0:05:37]} 20. Qd2 {[%clk 0:05:54]} Rfd8
{[%clk 0:05:23]} 21. b4 {[%clk 0:05:40]} a6 {[%clk 0:05:12]} 22. a4
{[%clk 0:05:44]} Nb6 {[%clk 0:04:06]} 23. Bxc6 {[%clk 0:05:33]} bxc6
{[%clk 0:04:03]} 24. Qc3 {[%clk 0:05:29]} Nd5 {[%clk 0:03:43]} 25. Qc5
{[%clk 0:05:13]} Qa7 {[%clk 0:03:29]} 26. Qc4 {[%clk 0:03:10]} Rdb8
{[%clk 0:03:19]} 27. Rab1 {[%clk 0:03:03]} Rb6 {[%clk 0:02:35]} 28. a5
{[%clk 0:03:01]} Rbb8 {[%clk 0:02:38]} 29. Rfc1 {[%clk 0:03:05]} Ne7
{[%clk 0:02:05]} 30. Qf4 {[%clk 0:02:55]} Ng6 {[%clk 0:01:47]} 31. Qe4
{[%clk 0:02:51]} Ne7 {[%clk 0:01:48]} 32. Rc3 {[%clk 0:02:30]} Rf8
{[%clk 0:01:23]} 33. h4 {[%clk 0:02:05]} Rab8 {[%clk 0:01:27]} 34. Rbb3
{[%clk 0:02:02]} Qc7 {[%clk 0:01:19]} 35. Qc4 {[%clk 0:01:25]} Qa7
{[%clk 0:01:22]} 36. Rf3 {[%clk 0:00:50]} Nd5 {[%clk 0:01:07]} 37. h5
{[%clk 0:00:32]} Qe7 {[%clk 0:00:48]} 38. Qxa6 {[%clk 0:00:14]} Nxb4
{[%clk 0:00:29]} 39. Qc4 {[%clk 0:00:18]} Nd5 {[%clk 0:00:26]} 40. Rxb8
{[%clk 0:00:22]} Rxb8 {[%clk 0:00:29]} 41. Rxf7 {[%clk 0:00:25]} Qg5
{[%clk 0:00:26]} 42. Rb7 {[%clk 0:00:13]} Rf8 {[%clk 0:00:25]} 43. Qe4
{[%clk 0:00:10]} Nf4 {[%clk 0:00:18]} 44. Rb2 {[%clk 0:00:11]} Nxh5
{[%clk 0:00:19]} 45. a6 {[%clk 0:00:10]} Qc1+ {[%clk 0:00:23]} 46. Kg2
{[%clk 0:00:13]} Qxb2 {[%clk 0:00:27]} 47. Qe3 {[%clk 0:00:08]} Qa2
{[%clk 0:00:23]} 48. a7 {[%clk 0:00:10]} Ra8 {[%clk 0:00:25]} 49. Qf3
{[%clk 0:00:14]} Qd5 {[%clk 0:00:27]} 50. Ne4 {[%clk 0:00:13]} Rxa7
{[%clk 0:00:28]} 51. g4 {[%clk 0:00:17]} Ra4 {[%clk 0:00:26]} 52. Nc3
{[%clk 0:00:16]} Qxf3+ {[%clk 0:00:29]} 53. Kxf3 {[%clk 0:00:20]} Ra3
{[%clk 0:00:33]} 0-1

[Event "AMPD"]
[Site "Chorzow"]
[Date "2022.04.03"]
[Round "9.15"]
[White "Polczyk, Mikolaj"]
[Black "Karwowski, Kacper"]
[Result "0-1"]
[BlackElo "2096"]
[WhiteElo "2016"]
[LiveChessVersion "1.4.8"]

1. d4 {[%clk 0:15:07]} Nf6 {[%clk 0:15:09]} 2. Nf3 {[%clk 0:15:09]} c5
{[%clk 0:14:43]} 3. g3 {[%clk 0:14:32]} cxd4 {[%clk 0:14:44]} 4. Nxd4
{[%clk 0:14:34]} Nc6 {[%clk 0:14:39]} 5. Bg2 {[%clk 0:14:27]} g6 {[%clk 0:14:14]}
6. O-O {[%clk 0:13:02]} Bg7 {[%clk 0:14:16]} 7. c3 {[%clk 0:12:57]} O-O
{[%clk 0:14:18]} 8. e4 {[%clk 0:11:45]} d6 {[%clk 0:13:07]} 9. h3
{[%clk 0:11:14]} Nd7 {[%clk 0:12:22]} 10. Be3 {[%clk 0:10:33]} a5
{[%clk 0:11:50]} 11. a4 {[%clk 0:09:41]} Nc5 {[%clk 0:10:54]} 12. Nd2
{[%clk 0:09:06]} Nxd4 {[%clk 0:09:58]} 13. Bxd4 {[%clk 0:09:01]} e5
{[%clk 0:09:52]} 14. Be3 {[%clk 0:07:50]} Be6 {[%clk 0:09:38]} 15. f4
{[%clk 0:06:40]} f6 {[%clk 0:08:36]} 16. Qe2 {[%clk 0:06:04]} Qc8
{[%clk 0:07:58]} 17. Kh2 {[%clk 0:06:06]} Rd8 {[%clk 0:07:31]} 18. Rfd1
{[%clk 0:04:39]} Qc6 {[%clk 0:07:26]} 19. Qb5 {[%clk 0:04:20]} Bf8
{[%clk 0:06:52]} 20. Qxc6 {[%clk 0:02:54]} bxc6 {[%clk 0:06:56]} 21. Bxc5
{[%clk 0:02:57]} dxc5 {[%clk 0:06:59]} 22. Bf1 {[%clk 0:03:01]} exf4
{[%clk 0:06:36]} 23. gxf4 {[%clk 0:03:01]} Bd6 {[%clk 0:06:40]} 24. e5
{[%clk 0:02:27]} fxe5 {[%clk 0:06:33]} 25. Ne4 {[%clk 0:02:32]} Bc7
{[%clk 0:05:30]} 26. Nxc5 {[%clk 0:02:33]} Bd5 {[%clk 0:05:24]} 27. fxe5
{[%clk 0:02:30]} Bxe5+ {[%clk 0:05:27]} 28. Kg1 {[%clk 0:02:34]} Rab8
{[%clk 0:04:54]} 29. Bg2 {[%clk 0:01:25]} Rxb2 {[%clk 0:04:26]} 30. Bxd5+
{[%clk 0:01:26]} Rxd5 {[%clk 0:04:30]} 31. Rxd5 {[%clk 0:01:26]} cxd5
{[%clk 0:04:35]} 32. Nd3 {[%clk 0:01:27]} Bh2+ {[%clk 0:04:32]} 33. Kh1
{[%clk 0:01:25]} Rd2 {[%clk 0:04:34]} 34. Rb1 {[%clk 0:00:26]} Bd6
{[%clk 0:04:18]} 35. Ne1 {[%clk 0:00:30]} Rh2+ {[%clk 0:04:16]} 36. Kg1
{[%clk 0:00:31]} Rxh3 {[%clk 0:04:20]} 37. Rb5 {[%clk 0:00:33]} Rxc3
{[%clk 0:04:19]} 38. Rxd5 {[%clk 0:00:23]} Bb4 {[%clk 0:04:15]} 39. Nd3
{[%clk 0:00:23]} Ra3 {[%clk 0:04:07]} 40. Nxb4 {[%clk 0:00:21]} axb4
{[%clk 0:04:11]} 41. a5 {[%clk 0:00:25]} Kg7 {[%clk 0:04:07]} 42. Rb5
{[%clk 0:00:28]} b3 {[%clk 0:04:10]} 43. Kg2 {[%clk 0:00:29]} b2 {[%clk 0:04:08]}
44. a6 {[%clk 0:00:20]} Rxa6 {[%clk 0:04:08]} 45. Rxb2 {[%clk 0:00:24]} h5
{[%clk 0:04:09]} 46. Rb5 {[%clk 0:00:28]} Kh6 {[%clk 0:04:11]} 47. Kg3
{[%clk 0:00:32]} Ra3+ {[%clk 0:04:14]} 48. Kg2 {[%clk 0:00:35]} h4
{[%clk 0:04:16]} 49. Kh2 {[%clk 0:00:38]} g5 {[%clk 0:04:19]} 50. Kg2
{[%clk 0:00:42]} Kh5 {[%clk 0:04:23]} 51. Rc5 {[%clk 0:00:45]} h3+
{[%clk 0:04:23]} 52. Kh2 {[%clk 0:00:49]} Kh4 {[%clk 0:04:26]} 53. Rc8
{[%clk 0:00:49]} Ra2+ {[%clk 0:04:30]} 54. Kg1 {[%clk 0:00:52]} g4
{[%clk 0:04:33]} 55. Rb8 {[%clk 0:00:53]} Ra1+ {[%clk 0:04:34]} 56. Kf2
{[%clk 0:00:53]} g3+ {[%clk 0:04:34]} 57. Kf3 {[%clk 0:00:57]} Rf1+
{[%clk 0:04:38]} 0-1

[Event "AMPD"]
[Site "Chorzow"]
[Date "2022.04.03"]
[Round "9.16"]
[White "Kaminski, Maciej"]
[Black "Cieslak, Wiktoria"]
[Result "1/2-1/2"]
[BlackElo "1938"]
[WhiteElo "1861"]
[LiveChessVersion "1.4.8"]

1. Nf3 {[%clk 0:15:07]} d5 {[%clk 0:15:09]} 2. g3 {[%clk 0:15:10]} c5
{[%clk 0:15:13]} 3. Bg2 {[%clk 0:15:14]} Nf6 {[%clk 0:15:16]} 4. O-O
{[%clk 0:15:16]} Nc6 {[%clk 0:15:19]} 5. d4 {[%clk 0:15:19]} cxd4
{[%clk 0:15:14]} 6. Nxd4 {[%clk 0:15:22]} e5 {[%clk 0:15:17]} 7. Nxc6
{[%clk 0:15:24]} bxc6 {[%clk 0:15:20]} 8. c4 {[%clk 0:15:26]} Be7
{[%clk 0:14:32]} 9. Nc3 {[%clk 0:14:38]} Bb7 {[%clk 0:14:06]} 10. Qa4
{[%clk 0:13:17]} O-O {[%clk 0:13:54]} 11. Rd1 {[%clk 0:12:50]} Bc5
{[%clk 0:12:04]} 12. cxd5 {[%clk 0:11:42]} cxd5 {[%clk 0:12:05]} 13. Qb5
{[%clk 0:11:09]} Qb6 {[%clk 0:11:17]} 14. Qxb6 {[%clk 0:10:55]} axb6
{[%clk 0:11:20]} 15. Nxd5 {[%clk 0:10:05]} Nxd5 {[%clk 0:11:07]} 16. Bxd5
{[%clk 0:10:08]} Rfd8 {[%clk 0:11:06]} 17. e4 {[%clk 0:09:41]} Bxd5
{[%clk 0:11:01]} 18. exd5 {[%clk 0:08:33]} Bd4 {[%clk 0:11:04]} 19. Be3
{[%clk 0:08:36]} Rxd5 {[%clk 0:11:02]} 20. Rac1 {[%clk 0:08:12]} f5
{[%clk 0:11:02]} 21. Rc6 {[%clk 0:07:06]} b5 {[%clk 0:10:50]} 22. a3
{[%clk 0:06:48]} Rad8 {[%clk 0:10:50]} 23. Bxd4 {[%clk 0:06:30]} exd4
{[%clk 0:10:53]} 24. Rd3 {[%clk 0:06:31]} Re8 {[%clk 0:10:55]} 25. b4
{[%clk 0:06:12]} Kf7 {[%clk 0:10:41]} 26. Rc5 {[%clk 0:05:13]} Rxc5
{[%clk 0:10:35]} 27. bxc5 {[%clk 0:05:16]} Rc8 {[%clk 0:10:39]} 28. Rxd4
{[%clk 0:05:06]} Rxc5 {[%clk 0:10:43]} 29. a4 {[%clk 0:04:36]} bxa4
{[%clk 0:10:33]} 30. Rxa4 {[%clk 0:04:38]} 1/2-1/2

[Event "AMPD"]
[Site "Chorzow"]
[Date "2022.04.03"]
[Round "9.18"]
[White "Moscicka, Pola"]
[Black "Binkowska, Agata"]
[Result "1/2-1/2"]
[BlackElo "1784"]
[WhiteElo "1733"]
[LiveChessVersion "1.4.8"]

1. d4 {[%clk 0:15:08]} d5 {[%clk 0:15:09]} 2. c4 {[%clk 0:15:11]} e6
{[%clk 0:15:12]} 3. Nc3 {[%clk 0:15:14]} Nf6 {[%clk 0:15:15]} 4. cxd5
{[%clk 0:15:18]} exd5 {[%clk 0:15:19]} 5. Bg5 {[%clk 0:15:21]} c6
{[%clk 0:15:17]} 6. e3 {[%clk 0:15:21]} Bf5 {[%clk 0:14:44]} 7. Qf3
{[%clk 0:14:38]} Bg6 {[%clk 0:14:19]} 8. Bxf6 {[%clk 0:14:38]} gxf6
{[%clk 0:14:22]} 9. Qd1 {[%clk 0:14:00]} Qb6 {[%clk 0:13:28]} 10. Qd2
{[%clk 0:13:08]} Nd7 {[%clk 0:12:10]} 11. Nf3 {[%clk 0:13:12]} Bd6
{[%clk 0:11:10]} 12. Be2 {[%clk 0:12:51]} Nf8 {[%clk 0:10:48]} 13. O-O
{[%clk 0:12:42]} Ne6 {[%clk 0:10:48]} 14. Rfe1 {[%clk 0:12:35]} Rd8
{[%clk 0:09:47]} 15. Bd3 {[%clk 0:12:28]} Kf8 {[%clk 0:08:38]} 16. Rad1
{[%clk 0:11:32]} Bb8 {[%clk 0:08:23]} 17. Ne2 {[%clk 0:10:28]} Qc7
{[%clk 0:06:21]} 18. Ng3 {[%clk 0:10:32]} Ng5 {[%clk 0:04:46]} 19. Qe2
{[%clk 0:07:33]} Ne4 {[%clk 0:03:42]} 20. Nh4 {[%clk 0:05:58]} 1/2-1/2

[Event "AMPD"]
[Site "Chorzow"]
[Date "2022.04.03"]
[Round "9.19"]
[White "Cukrowski, Filip"]
[Black "Golenia, Jan"]
[Result "1-0"]
[BlackElo "2091"]
[WhiteElo "2199"]
[LiveChessVersion "1.4.8"]

1. d4 {[%clk 0:15:10]} Nf6 {[%clk 0:15:08]} 2. c4 {[%clk 0:15:13]} e6
{[%clk 0:15:11]} 3. g3 {[%clk 0:15:17]} d5 {[%clk 0:14:38]} 4. Nf3
{[%clk 0:15:16]} Be7 {[%clk 0:14:40]} 5. Nc3 {[%clk 0:15:11]} O-O
{[%clk 0:14:30]} 6. Bg2 {[%clk 0:15:14]} b6 {[%clk 0:13:54]} 7. cxd5
{[%clk 0:15:08]} exd5 {[%clk 0:13:57]} 8. O-O {[%clk 0:15:09]} Bb7
{[%clk 0:13:43]} 9. Bf4 {[%clk 0:15:08]} a6 {[%clk 0:11:56]} 10. Rc1
{[%clk 0:15:08]} Nbd7 {[%clk 0:11:36]} 11. Ne5 {[%clk 0:15:01]} Rc8
{[%clk 0:11:19]} 12. Qb3 {[%clk 0:14:35]} c6 {[%clk 0:08:23]} 13. Bh3
{[%clk 0:14:04]} b5 {[%clk 0:08:13]} 14. a4 {[%clk 0:13:26]} b4 {[%clk 0:07:42]}
15. Nd1 {[%clk 0:13:19]} a5 {[%clk 0:07:07]} 16. Ne3 {[%clk 0:13:17]} Re8
{[%clk 0:05:41]} 17. Bg5 {[%clk 0:11:07]} Rc7 {[%clk 0:05:28]} 18. Bf4
{[%clk 0:10:28]} Nxe5 {[%clk 0:05:18]} 19. dxe5 {[%clk 0:04:23]} Nh5
{[%clk 0:05:21]} 20. Nf5 {[%clk 0:04:24]} Nxf4 {[%clk 0:04:45]} 21. gxf4
{[%clk 0:04:28]} Bf8 {[%clk 0:04:33]} 22. Qg3 {[%clk 0:03:45]} Bc8
{[%clk 0:03:37]} 23. Ne3 {[%clk 0:03:25]} Bxh3 {[%clk 0:03:05]} 24. Qxh3
{[%clk 0:03:29]} Qc8 {[%clk 0:01:09]} 25. Qg3 {[%clk 0:03:28]} Qe6
{[%clk 0:01:04]} 26. Rfd1 {[%clk 0:03:21]} Rcc8 {[%clk 0:00:55]} 27. Kh1
{[%clk 0:03:08]} Qg6 {[%clk 0:00:52]} 28. Qf3 {[%clk 0:03:01]} Qe6
{[%clk 0:00:46]} 29. Qg3 {[%clk 0:03:00]} Qg6 {[%clk 0:00:48]} 30. Qf3
{[%clk 0:03:04]} Qe6 {[%clk 0:00:50]} 31. Rg1 {[%clk 0:02:34]} Red8
{[%clk 0:00:24]} 32. Ng4 {[%clk 0:02:33]} c5 {[%clk 0:00:15]} 33. f5
{[%clk 0:02:30]} Qc6 {[%clk 0:00:18]} 34. e6 {[%clk 0:01:38]} Kh8
{[%clk 0:00:11]} 35. Ne5 {[%clk 0:01:38]} Qxa4 {[%clk 0:00:14]} 36. Nxf7+
{[%clk 0:01:42]} Kg8 {[%clk 0:00:18]} 37. Nxd8 {[%clk 0:01:33]} Rxd8
{[%clk 0:00:22]} 38. f6 {[%clk 0:01:37]} Qc6 {[%clk 0:00:06]} 39. e7
{[%clk 0:01:39]} 1-0